Espèces protégées en France métropolitaines - Statistiques

Statistiques générales
  • Ce quiz a été pris 39 fois
  • Le résultat moyen est 9 sur 19
Statistiques - réponses
Par images Réponse % Correct
Ours
100%
Chauve-souris
67%
Lynx
64%
Hérissons
55%
Rouge gorge
55%
Castors
52%
Cygnes
52%
Écureuils
52%
Loups
52%
Loutres
52%
Flamant rose
45%
Serpents
42%
Grenouilles
36%
Salamandres
36%
Pélicans
33%
Héron cendré
24%
Rapaces
24%
Grues
15%
Cigogne blanche
9%
Aucun quiz correspondant
Distribution des résultats
% des personnes avec chaque résultat
Percentile par nombre de réponses
Votre historique - résultats
Vous n’avez pas pris ce quiz